BIG DATA ANALYTICS: (Record no. 207704)

MARC details
000 -LEADER
fixed length control field 00652nam a22002057a 4500
010 ## - LCCN (DPL NO)
LC control number ENG-143082
020 ## - INTERNATIONAL STANDARD BOOK NUMBER
International Standard Book Number 9788196913144
Terms of availability 450.00
035 ## - SYSTEM CONTROL NUMBER
System control number EN-126614
037 ## - SOURCE OF ACQUISITION
Source of stock number/acquisition DBAD
082 ## - DEWEY DECIMAL CLASSIFICATION NUMBER
Classification number 006.312
100 ## - MAIN ENTRY--PERSONAL NAME
Personal name Ramya, P.
245 ## - TITLE STATEMENT
Title BIG DATA ANALYTICS:
Remainder of title BIG DATA ANALYTICS/
Statement of responsibility, etc by P. Ramya...[et.al]
260 ## - PUBLICATION, DISTRIBUTION, ETC. (IMPRINT)
Place of publication, distribution, etc Tamil Nadu
Name of publisher, distributor, etc Shanlax publications
Date of publication, distribution, etc 2024
270 ## - ADDRESS
Address 61, 66 T.P.K. Main Road, Vasantha Nagar,
City Madurai, Tamil Nadu
Postal code 625003
300 ## - PHYSICAL DESCRIPTION
Extent 174p.
Dimensions 25cm(pb)
700 ## - ADDED ENTRY--PERSONAL NAME
Personal name Babu, S. Venkatesh
9 (RLIN) 75174
700 ## - ADDED ENTRY--PERSONAL NAME
Personal name R, Charanya
9 (RLIN) 75175
700 ## - ADDED ENTRY--PERSONAL NAME
Personal name K, Mohan
9 (RLIN) 75176
942 ## - ADDED ENTRY ELEMENTS (KOHA)
Source of classification or shelving scheme Dewey Decimal Classification
Item type English Books
Classification part 006.312
Call number suffix RAM
Holdings
Withdrawn status Lost status Not for loan Collection code Home library Current library Date acquired Source of acquisition Cost, normal purchase price Full call number Barcode Copy number Cost, replacement price Koha item type
      Non-fiction Central Library Central Library 16/12/2024 Delivery of Books Division 450.00 006.312 RAM EN-126614 1 450.00 English Books

© Delhi Public Library
Hit Counter
free hit counter